El Río de la Plata en la política internacional: génesis del virreinato

Збережено в:
Бібліографічні деталі
Автор: Gil Munilla, Octavio (Автор)
Формат: Книга
Мова:Іспанська
Опубліковано: Sevilla Hispalensis 1949
Предмети:
Теги: Додати тег
Немає тегів, Будьте першим, хто поставить тег для цього запису!

MARC

LEADER 00000nam a2200000 a 4500
001 UCO3131
003 CL-VaPUC
008 000714e19490000SP |||||||||||||||||spa|d
082 0 4 |a 982.024  |b GIL  |2 21 
100 |a Gil Munilla, Octavio  |e author  |9 447013 
245 1 3 |a El Río de la Plata en la política internacional: génesis del virreinato 
300 |a 463 p 
942 |c BK 
945 |d 20000714 00:00:00  |a rherrera 
260 |a Sevilla  |b Hispalensis  |c 1949 
500 |a Publicaciones de la Escuela de Estudios Hispano-americanos de Sevilla N§ LIV serie 2a. N§ 15 
650 7 |a HISTORIA DE ARGENTINA SIGLOS 18-19  |2 CL-VaPUC  |9 447014 
650 0 |a Virreinato del Río de La Plata  |9 373725 
650 0 |a Relaciones Internacionales  |9 255740 
651 0 |a Argentina  |9 254888 
583 |a last modification  |c 20160817 01:15:34  |k Rodrigo Vera 
999 |c 289601  |d 289599 
952 |0 0  |1 0  |4 0  |6 982_024000000000000_GIL_1949  |7 0  |8 X  |9 338166  |a BIBHIS  |b BIBHIS  |d 2019-11-20  |i 1299433  |o 982.024 GIL 1949  |p 1299433  |r 2024-01-30  |w 2019-11-20  |y BK_X  |k HIS